[Event "77th Ukrainian Chess Championship"]
[Site "Poltava"]
[Date "2008.12.07"]
[Round "6"]
[White "Zubarev, Alexander"]
[Black "Borovikov, Vladislav"]
[Result "1/2-1/2"]
[WhiteElo "2546"]
[BlackElo "2580"]
[PlyCount "49"]
[EventDate "2008.12.02"]

1. c4 c5 2. Nf3 Nc6 3. Nc3 e5 4. g3 g6 5. Bg2 Bg7 6. O-O d6 7. a3 Nge7 8. b4 e4
9. Ne1 f5 10. Bb2 Be6 11. d3 O-O 12. dxe4 fxe4 13. Bxe4 Bxc4 14. Nd3 d5 15. Bg2
Bxd3 16. exd3 cxb4 17. axb4 Nxb4 18. Qb3 a5 19. Ba3 Rc8 20. Bxb4 axb4 21. Nxd5
Nxd5 22. Qxd5+ Kh8 23. Rab1 Bc3 24. Qxb7 Rb8 25. Qa6 1/2-1/2

[Event "77th Ukrainian Chess Championship"]
[Site "Poltava"]
[Date "2008.12.07"]
[Round "6"]
[White "Neverov, Valeriy"]
[Black "Kovchan, Alexander"]
[Result "1/2-1/2"]
[WhiteElo "2571"]
[BlackElo "2545"]
[PlyCount "89"]
[EventDate "2008.12.02"]

1. d4 Nf6 2. c4 g6 3. Nc3 d5 4. Nf3 Bg7 5. Bg5 dxc4 6. e4 c5 7. d5 b5 8. e5 b4
9. exf6 exf6 10. Be3 bxc3 11. bxc3 f5 12. Rc1 Ba6 13. Bxc5 Qc7 14. Ba3 Qb7 15.
g3 Nd7 16. Qe2+ Kd8 17. Qe7+ Kc8 18. Bg2 Nb6 19. Qe3 Qxd5 20. O-O Bb7 21. Rcd1
Qe6 22. Qc1 Qf6 23. Qe3 Qe6 24. Qd2 h6 25. Rfe1 Be4 26. Nd4 Qd5 27. Bxe4 fxe4
28. Qb2 Rd8 29. Qb1 Bxd4 30. Rxd4 Qc6 31. Rxd8+ Kxd8 32. Rxe4 Rb8 33. Qe1 Rb7
34. Be7+ Kc8 35. Bb4 Rd7 36. Re7 h5 37. Rxd7 Qxd7 38. Bc5 Qd5 39. Qe8+ Kb7 40.
Bd4 Nc8 41. h4 Nb6 42. Qe2 Nc8 43. f3 a6 44. Kf2 Nd6 45. a4 1/2-1/2

[Event "77th Ukrainian Chess Championship"]
[Site "Poltava"]
[Date "2008.12.07"]
[Round "6"]
[White "Zherebukh, Yaroslav"]
[Black "Kryvoruchko, Yuriy"]
[Result "0-1"]
[WhiteElo "2473"]
[BlackElo "2627"]
[PlyCount "66"]
[EventDate "2008.12.02"]

1. e4 c6 2. d4 d5 3. e5 Bf5 4. Nf3 e6 5. Be2 Ne7 6. Nbd2 Nd7 7. Nb3 Nc8 8. a4
Ncb6 9. O-O Be7 10. Be3 O-O 11. Nfd2 a5 12. f4 Bg6 13. c3 Qc7 14. Qe1 c5 15.
dxc5 Nxc5 16. Qf2 Nbd7 17. Qg3 f6 18. exf6 Nxf6 19. Nd4 Bf5 20. Nb5 Qd8 21. Bd4
Rc8 22. Kh1 Qe8 23. Qe3 Nce4 24. Nxe4 Bxe4 25. Bf3 Bf5 26. Na7 Ra8 27. Nb5 Qf7
28. Bc5 Bxc5 29. Qxc5 Bd3 30. Rfe1 Ne4 31. Bxe4 dxe4 32. g3 Rad8 33. Nd6 Qe7
0-1

[Event "77th Ukrainian Chess Championship"]
[Site "Poltava"]
[Date "2008.12.07"]
[Round "6"]
[White "Boroday, Sergey"]
[Black "Shtanko, Dmitro"]
[Result "1/2-1/2"]
[WhiteElo "2370"]
[BlackElo "2301"]
[PlyCount "141"]
[EventDate "2008.12.02"]

1. Nf3 Nf6 2. c4 c5 3. g3 Nc6 4. Bg2 d5 5. O-O e5 6. cxd5 Nxd5 7. Nc3 Be6 8.
Ng5 Qxg5 9. Nxd5 Qd8 10. Ne3 Rc8 11. d3 Be7 12. Nc4 Bd5 13. Bh3 Rc7 14. e4 Bxc4
15. dxc4 O-O 16. Be3 Nd4 17. f4 Bd6 18. Rf2 a6 19. Kh1 b5 20. Qd3 Qe7 21. f5 f6
22. Rg1 Qf7 23. Bf1 Rb8 24. g4 Rcb7 25. Bc1 Be7 26. Rg3 Rd8 27. Qa3 Rb6 28. Qa5
Rbd6 29. Qe1 Nc6 30. Bd2 bxc4 31. Qc1 Rd4 32. Rc3 Na5 33. Rc2 c3 34. Bxc3 Rd1
35. Qe3 Qxa2 36. Kg2 Qb3 37. Qe2 Qa4 38. g5 Nc6 39. Qc4+ Qxc4 40. Bxc4+ Kf8 41.
gxf6 Bxf6 42. Rcd2 a5 43. Rxd8+ Bxd8 44. Rd2 Rxd2+ 45. Bxd2 Ke7 46. Bg8 h6 47.
Kf3 Kd6 48. Kg4 Nd4 49. Bc4 Kc6 50. h3 Kd6 51. Be3 Bf6 52. Bd2 a4 53. Ba5 Bg5
54. Kh5 Nf3 55. Kg6 Bf6 56. Bd3 Kc6 57. Bc3 Kb6 58. Bf1 c4 59. Bxc4 Ng5 60. Bb4
Nxe4 61. Bf8 Ng3 62. Be6 e4 63. Bd6 Nf1 64. b3 Kc6 65. Bb4 Kb5 66. Bf8 axb3 67.
Bxb3 e3 68. Bd1 Ng3 69. Bxg7 Bxg7 70. Kxg7 Nxf5+ 71. Kg6 1/2-1/2

[Event "77th Ukrainian Chess Championship"]
[Site "Poltava"]
[Date "2008.12.07"]
[Round "6"]
[White "Pavlov, Maxim"]
[Black "Solovchuk, Alexey"]
[Result "0-1"]
[WhiteElo "2367"]
[BlackElo "2285"]
[PlyCount "100"]
[EventDate "2008.12.02"]

1. e4 c5 2. Nf3 d6 3. d4 cxd4 4. Nxd4 Nf6 5. Nc3 a6 6. Be3 e5 7. Nb3 Be6 8. Qd2
Be7 9. f4 b5 10. O-O-O Ng4 11. g3 Nxe3 12. Qxe3 Nd7 13. Kb1 b4 14. Nd5 Bxd5 15.
Rxd5 Qc7 16. Be2 O-O 17. f5 Rfc8 18. Rc1 Nf6 19. Rd3 a5 20. c4 a4 21. Nd2 h6
22. h4 Ra5 23. Bf3 Nd7 24. Qe1 Nb6 25. Be2 Rc5 26. Rd5 Nxd5 27. exd5 Qb6 28.
Qg1 Bd8 29. Bd3 Qa7 30. Qe3 Bb6 31. Qe4 Bd8 32. Rf1 Kf8 33. Nf3 Qc7 34. Rc1 Be7
35. g4 Qd8 36. Rh1 Ke8 37. g5 Bf8 38. Rf1 Kd7 39. f6 gxf6 40. gxh6 Bxh6 41. Qh7
Qf8 42. Nxe5+ dxe5 43. Rxf6 Bg7 44. Qf5+ Ke8 45. h5 Bxf6 46. Qxf6 e4 47. Bxe4
Rxc4 48. Qe5+ Qe7 49. Qh8+ Kd7 50. Bf5+ Kd6 0-1

[Event "77th Ukrainian Chess Championship"]
[Site "Poltava"]
[Date "2008.12.08"]
[Round "7"]
[White "Drozdovskij, Yuri"]
[Black "Miroshnichenko, Evgenij"]
[Result "1/2-1/2"]
[WhiteElo "2587"]
[BlackElo "2632"]
[PlyCount "85"]
[EventDate "2008.12.02"]

1. d4 Nf6 2. c4 g6 3. g3 c6 4. Nc3 d5 5. cxd5 cxd5 6. Bg2 Bg7 7. Nf3 O-O 8. Ne5
e6 9. O-O Nfd7 10. f4 Nc6 11. Be3 Nb6 12. Bf2 Ne7 13. a4 a5 14. Qb3 Bd7 15.
Rfc1 Bc6 16. Nb5 Nbc8 17. e3 Re8 18. Be1 f6 19. Nd3 Nf5 20. Nc5 Kh8 21. Rc2
Nfd6 22. Rac1 Bxb5 23. axb5 Nb6 24. Ra1 Nbc4 25. e4 b6 26. Na4 Rc8 27. exd5 e5
28. Bf1 exf4 29. Bxc4 f5 30. Bf1 fxg3 31. hxg3 Bxd4+ 32. Kg2 Rxc2+ 33. Qxc2 f4
34. Bc3 Nf5 35. Bxd4+ Nxd4 36. Qc4 Qf6 37. Ra3 f3+ 38. Kh2 Re2+ 39. Bxe2 fxe2
40. Qc8+ Kg7 41. Qd7+ Kh6 42. Qh3+ Kg7 43. Qd7+ 1/2-1/2

[Event "77th Ukrainian Chess Championship"]
[Site "Poltava"]
[Date "2008.12.08"]
[Round "7"]
[White "Kononenko, Dmitry"]
[Black "Korobov, Anton"]
[Result "1/2-1/2"]
[WhiteElo "2527"]
[BlackElo "2605"]
[PlyCount "81"]
[EventDate "2008.12.02"]

1. e4 e6 2. d4 d5 3. e5 c5 4. c3 Nc6 5. Nf3 Bd7 6. Be2 Rc8 7. O-O a6 8. Na3
cxd4 9. cxd4 Bxa3 10. bxa3 Nge7 11. Rb1 Na5 12. Bd3 h6 13. a4 Bc6 14. h4 Nc4
15. h5 O-O 16. Bc2 f5 17. exf6 Rxf6 18. Qd3 Kf8 19. Ne5 Qc7 20. Qh7 Nxe5 21.
dxe5 Qxe5 22. Bg6 Rxg6 23. hxg6 Ke8 24. Bb2 d4 25. Rbd1 Qg5 26. f3 Qxg6 27.
Qxg6+ Nxg6 28. Rxd4 Bd5 29. a3 Ne7 30. Rg4 g5 31. f4 Rc4 32. Rg3 {(=)} Nf5 33.
Rc3 Rxc3 34. Bxc3 g4 35. Re1 h5 36. Re5 h4 37. Rxf5 exf5 38. Bf6 a5 39. Bc3 Kf7
40. Kh2 Kg6 41. g3 1/2-1/2

[Event "77th Ukrainian Chess Championship"]
[Site "Poltava"]
[Date "2008.12.08"]
[Round "7"]
[White "Nyzhnyk, Illya"]
[Black "Zubov, Alexander"]
[Result "1/2-1/2"]
[WhiteElo "2444"]
[BlackElo "2564"]
[PlyCount "56"]
[EventDate "2008.12.02"]

1. e4 c5 2. Nf3 e6 3. c4 Nc6 4. Nc3 e5 5. d3 d6 6. Nd5 Be7 7. a3 a5 8. Bd2 f5
9. Qb3 Rb8 10. Be2 Nf6 11. Bc3 O-O 12. Nd2 Kh8 13. Qd1 Bd7 14. Rb1 b5 15. cxb5
Rxb5 16. Nxf6 Rxf6 17. O-O Nd4 18. f4 fxe4 19. Bxd4 cxd4 20. dxe4 Rb8 21. fxe5
dxe5 22. Rxf6 Bxf6 23. Bd3 a4 24. Kh1 h6 25. Nc4 Qc7 26. Rc1 Be6 27. Rc2 Qd7
28. Qe2 Rb3 1/2-1/2

[Event "77th Ukrainian Chess Championship"]
[Site "Poltava"]
[Date "2008.12.08"]
[Round "7"]
[White "Kravtsiv, Martyn"]
[Black "Tukhaev, Adam"]
[Result "1/2-1/2"]
[WhiteElo "2549"]
[BlackElo "2498"]
[PlyCount "23"]
[EventDate "2008.12.02"]

1. e4 c5 2. Nf3 d6 3. d4 cxd4 4. Nxd4 Nf6 5. Nc3 a6 6. Be3 Ng4 7. Bc1 Nf6 8.
Be2 e5 9. Nb3 Be7 10. O-O O-O 11. Be3 Be6 12. f4 1/2-1/2

[Event "77th Ukrainian Chess Championship"]
[Site "Poltava"]
[Date "2008.12.08"]
[Round "7"]
[White "Kryvoruchko, Yuriy"]
[Black "Borovikov, Vladislav"]
[Result "1/2-1/2"]
[WhiteElo "2627"]
[BlackElo "2580"]
[PlyCount "89"]
[EventDate "2008.12.02"]

1. e4 c5 2. c3 Nf6 3. e5 Nd5 4. Bc4 Nb6 5. Bb3 Nc6 6. Nf3 d6 7. exd6 Qxd6 8. d4
cxd4 9. O-O Be6 10. Na3 Bxb3 11. Qxb3 e6 12. Nb5 Qd7 13. Nbxd4 Nxd4 14. Nxd4
Bc5 15. Rd1 O-O 16. a4 Qd5 17. a5 Bxd4 18. Qc2 Qc6 19. Rxd4 Nd5 20. c4 Ne7 21.
b3 Nf5 22. Rd1 Rfd8 23. Bb2 a6 24. Qe2 Qc7 25. Qe5 Qxe5 26. Bxe5 Kf8 27. Kf1 f6
28. Bc7 Rxd1+ 29. Rxd1 Rc8 30. Bb6 Ke7 31. Ke2 e5 32. Kd3 h5 33. f4 exf4 34.
Ke4 Ne3 35. Rg1 g5 36. g3 Kf7 37. gxf4 Re8+ 38. Kd3 gxf4 39. h3 Re5 40. Bc7 Rg5
41. Rb1 Ng2 42. Kd4 Ke6 43. Rf1 Rg3 44. Rf2 Kd7 45. Bxf4 1/2-1/2

[Event "77th Ukrainian Chess Championship"]
[Site "Poltava"]
[Date "2008.12.08"]
[Round "7"]
[White "Kovchan, Alexander"]
[Black "Zubarev, Alexander"]
[Result "1/2-1/2"]
[WhiteElo "2545"]
[BlackElo "2546"]
[PlyCount "137"]
[EventDate "2008.12.02"]

1. e4 c5 2. Nf3 e6 3. d4 cxd4 4. Nxd4 a6 5. Nc3 Qc7 6. Bd3 Bc5 7. Nb3 Be7 8. f4
b5 9. e5 Bb7 10. Qg4 g6 11. Be3 Nc6 12. a3 Nh6 13. Qg3 Rc8 14. O-O Na5 15. Nxa5
Qxa5 16. Ne2 Nf5 17. Bxf5 gxf5 18. Qg7 Rf8 19. c3 Kd8 20. Nd4 Kc7 21. Nf3 Qa4
22. Bd4 Qc2 23. Rf2 Qe4 24. Qh6 Rg8 25. Re1 Qc6 26. Qxh7 Rcf8 27. Qh3 Rg4 28.
Be3 Rfg8 29. Ng5 Qc4 30. g3 Qc6 31. Kf1 Qc4+ 32. Kg1 Qd5 33. Kf1 Bxg5 34. fxg5
Re4 35. Rd2 Qxe5 36. Kf2 Rh8 37. Qg2 Kc8 38. Bd4 Rxd4 39. cxd4 Qg7 40. d5 Qxg5
41. Kg1 f4 42. Rc1+ Kb8 43. Rf1 f3 44. Qf2 e5 45. Re1 Re8 46. Rd4 Qd8 47. Rd2
e4 48. Qd4 f5 49. d6 f4 50. gxf4 Rg8+ 51. Kf1 Qh4 52. Rc1 Qxf4 53. Rc7 Qg4 54.
Rdc2 Qh3+ 55. Ke1 f2+ 56. Qxf2 e3 57. Qf1 Qh4+ 58. Kd1 Qd4+ 59. Ke1 Qxd6 60.
Rxb7+ Kxb7 61. Qf3+ Kb8 62. Qxe3 Qg6 63. Kd1 Re8 64. Qg3+ Qxg3 65. hxg3 Rg8 66.
Rc3 Kb7 67. Kd2 Kb6 68. Rf3 a5 69. Kd3 1/2-1/2

[Event "77th Ukrainian Chess Championship"]
[Site "Poltava"]
[Date "2008.12.08"]
[Round "7"]
[White "Oleksienko, Mikhailo"]
[Black "Vovk, Yuri"]
[Result "1-0"]
[WhiteElo "2585"]
[BlackElo "2549"]
[PlyCount "75"]
[EventDate "2008.12.02"]

1. e4 e5 2. Nf3 Nc6 3. Bc4 Bc5 4. c3 Nf6 5. b4 Bb6 6. d3 d6 7. O-O a5 8. b5 Ne7
9. Be3 Bxe3 10. fxe3 a4 11. Nbd2 O-O 12. d4 Bg4 13. Qc2 Ng6 14. a3 c6 15. h3
Bd7 16. Rab1 Qa5 17. b6 d5 18. Bd3 Rae8 19. exd5 cxd5 20. Bxg6 hxg6 21. Rb4
exd4 22. exd4 Re3 23. Ne5 Rc8 24. Rf3 Rxf3 25. Ndxf3 Be8 26. Ng5 Qa8 27. c4
dxc4 28. Rxc4 Rd8 29. Rc7 Qa5 30. Rxb7 Rxd4 31. Ngf3 Re4 32. Qb2 Qc5+ 33. Kh2
Qd6 34. Rc7 Nd7 35. Rc8 Kf8 36. b7 f6 37. Rd8 fxe5 38. b8=Q 1-0

[Event "77th Ukrainian Chess Championship"]
[Site "Poltava"]
[Date "2008.12.08"]
[Round "7"]
[White "Maximov, Dmitry"]
[Black "Boroday, Sergey"]
[Result "1-0"]
[WhiteElo "2497"]
[BlackElo "2370"]
[PlyCount "79"]
[EventDate "2008.12.02"]

1. e4 c5 2. Nf3 d6 3. c3 Nf6 4. Bc4 e6 5. d3 Be7 6. Bb3 O-O 7. O-O Nc6 8. Re1
e5 9. h3 a6 10. Nbd2 b5 11. Nf1 Na5 12. Bc2 Re8 13. d4 Qc7 14. Ne3 Bf8 15. dxe5
dxe5 16. Nh2 Be6 17. Qf3 Nc4 18. Nf5 Kh8 19. g4 Ng8 20. g5 g6 21. b3 Nb6 22.
Ne3 Qe7 23. Neg4 Nd7 24. Qg3 Bg7 25. Nf3 f6 26. h4 Bxg4 27. Qxg4 fxg5 28. hxg5
Nf8 29. Kg2 Qf7 30. Rh1 Ne6 31. Qh4 h5 32. gxh6 Bf6 33. Qg3 Nf4+ 34. Bxf4 exf4
35. Qxf4 Qe6 36. h7 Ne7 37. Rad1 Rad8 38. e5 Rxd1 39. Rxd1 Bg7 40. Ng5 1-0

[Event "77th Ukrainian Chess Championship"]
[Site "Poltava"]
[Date "2008.12.08"]
[Round "7"]
[White "Sitnikov, Anton"]
[Black "Gasanov, Eldar"]
[Result "0-1"]
[WhiteElo "2480"]
[BlackElo "2550"]
[PlyCount "41"]
[EventDate "2008.12.02"]

1. d4 Nf6 2. Nc3 d5 3. Bg5 Nbd7 4. Nf3 h6 5. Bf4 c5 6. dxc5 Qa5 7. Nd4 e5 8.
Nb3 Qd8 9. Bg3 d4 10. Nb5 Ne4 11. c3 Nxg3 12. hxg3 Nxc5 13. Rh5 g5 14. Qd2 Qb6
15. e3 Bg4 16. Rh1 dxe3 17. Qxe3 O-O-O 18. Bc4 Nd3+ 19. Bxd3 Qxe3+ 20. fxe3
Rxd3 21. Nc1 0-1

[Event "77th Ukrainian Chess Championship"]
[Site "Poltava"]
[Date "2008.12.08"]
[Round "7"]
[White "Solovchuk, Alexey"]
[Black "Brodsky, Michail"]
[Result "1-0"]
[WhiteElo "2285"]
[BlackElo "2551"]
[PlyCount "69"]
[EventDate "2008.12.02"]

1. e4 c5 2. Nf3 d6 3. d4 cxd4 4. Nxd4 Nf6 5. Nc3 a6 6. Be3 e6 7. Be2 Qc7 8. a4
b6 9. f4 Bb7 10. Bf3 Nbd7 11. Nb3 Be7 12. O-O Rc8 13. Qe1 O-O 14. Rd1 Rfe8 15.
Rf2 Qb8 16. Bc1 Nf8 17. g4 Qa8 18. Re2 N6d7 19. Bg2 Rc4 20. g5 Rec8 21. Qg3 Qb8
22. f5 Ne5 23. Nd4 R8c5 24. Bf4 Rc7 25. Re3 Qc8 26. Nb3 R7c6 27. h4 exf5 28.
exf5 Qxf5 29. Nd4 Rxd4 30. Rxd4 Qxc2 31. Re2 Qf5 32. Bxe5 Rxc3 33. bxc3 Bxg2
34. Kxg2 dxe5 35. Qxe5 1-0

[Event "77th Ukrainian Chess Championship"]
[Site "Poltava"]
[Date "2008.12.08"]
[Round "7"]
[White "Pavlov, Maxim"]
[Black "Neverov, Valeriy"]
[Result "1/2-1/2"]
[WhiteElo "2367"]
[BlackElo "2571"]
[PlyCount "63"]
[EventDate "2008.12.02"]

1. e4 c5 2. Nf3 d6 3. d4 cxd4 4. Nxd4 Nf6 5. Nc3 a6 6. Be3 e5 7. Nb3 Be6 8. Qd2
Be7 9. f3 O-O 10. O-O-O a5 11. a4 Nc6 12. g4 Nb4 13. g5 Nh5 14. Kb1 Rc8 15. Bb5
f5 16. gxf6 Nxf6 17. Rhg1 Rf7 18. Qe1 Qc7 19. Bg5 Nh5 20. Bxe7 Rxe7 21. Qd2
Bxb3 22. cxb3 Rd8 23. Qe3 Nf4 24. Rd2 b6 25. Rgd1 Kh8 26. Bc4 Qb8 27. Qg1 Red7
28. Bb5 Rf7 29. Bc4 Rf6 30. Nb5 h6 31. Qe3 Kh7 32. Rc1 1/2-1/2

[Event "77th Ukrainian Chess Championship"]
[Site "Poltava"]
[Date "2008.12.08"]
[Round "7"]
[White "Shtanko, Dmitro"]
[Black "Zherebukh, Yaroslav"]
[Result "1-0"]
[WhiteElo "2301"]
[BlackElo "2473"]
[PlyCount "75"]
[EventDate "2008.12.02"]

1. d4 Nf6 2. c4 c6 3. Nc3 d5 4. Nf3 dxc4 5. e3 b5 6. a4 b4 7. Nb1 Ba6 8. Nfd2
Qd5 9. Qc2 c5 10. Be2 b3 11. Qd1 Nc6 12. Nc3 Qd7 13. Nxb3 cxb3 14. Bxa6 cxd4
15. exd4 Nxd4 16. O-O e6 17. Be3 Rd8 18. Bxd4 Qxd4 19. Bb5+ Ke7 20. Qxb3 g6 21.
Bc6 Qb6 22. Qa3+ Rd6 23. Nb5 Qxc6 24. Rac1 Qb6 25. Nxd6 Qxd6 26. Rc7+ Kd8 27.
Qxd6+ Bxd6 28. Rxa7 Kc8 29. b4 Rf8 30. b5 Nd5 31. a5 Kb8 32. b6 h5 33. Rc1 h4
34. a6 Nf6 35. Rc6 Be5 36. Re7 Rd8 37. a7+ Ka8 38. Rc8+ 1-0

[Event "77th Ukrainian Chess Championship"]
[Site "Poltava"]
[Date "2008.12.09"]
[Round "8"]
[White "Miroshnichenko, Evgenij"]
[Black "Kononenko, Dmitry"]
[Result "1/2-1/2"]
[WhiteElo "2632"]
[BlackElo "2527"]
[PlyCount "31"]
[EventDate "2008.12.02"]

1. d4 Nf6 2. c4 c5 3. d5 e6 4. Nc3 exd5 5. cxd5 d6 6. Nf3 g6 7. Bf4 a6 8. e4 b5
9. Qe2 Be7 10. Qc2 O-O 11. a4 b4 12. Nd1 b3 13. Qxb3 Nxe4 14. Bd3 f5 15. O-O
Nd7 16. Bh6 1/2-1/2

[Event "77th Ukrainian Chess Championship"]
[Site "Poltava"]
[Date "2008.12.09"]
[Round "8"]
[White "Korobov, Anton"]
[Black "Nyzhnyk, Illya"]
[Result "1-0"]
[WhiteElo "2605"]
[BlackElo "2444"]
[PlyCount "49"]
[EventDate "2008.12.02"]

1. d4 d5 2. c4 dxc4 3. Nf3 Nf6 4. e3 e6 5. Bxc4 c5 6. O-O a6 7. Bb3 Nc6 8. Nc3
cxd4 9. exd4 Be7 10. Bg5 O-O 11. Qd2 Na5 12. Bc2 b5 13. Qf4 Bb7 14. Qh4 g6 15.
d5 Bxd5 16. Rad1 Nc6 17. Rfe1 Re8 18. Bb3 Kg7 19. Bxd5 Nxd5 20. Qh6+ Kg8 21.
Bxe7 Rxe7 22. Ng5 f6 23. Nxe6 Qd6 24. Nxd5 Rxe6 25. Nxf6+ 1-0

[Event "77th Ukrainian Chess Championship"]
[Site "Poltava"]
[Date "2008.12.09"]
[Round "8"]
[White "Zubov, Alexander"]
[Black "Kravtsiv, Martyn"]
[Result "1-0"]
[WhiteElo "2564"]
[BlackElo "2549"]
[PlyCount "69"]
[EventDate "2008.12.02"]

1. d4 Nf6 2. c4 e6 3. Nc3 Bb4 4. Qc2 O-O 5. e4 c5 6. e5 cxd4 7. a3 Bxc3+ 8.
bxc3 Ne8 9. cxd4 d6 10. Nf3 Nc6 11. Bb2 dxe5 12. dxe5 f5 13. Be2 Rf7 14. O-O h6
15. Rfd1 Rd7 16. c5 Rxd1+ 17. Rxd1 Qe7 18. Nd2 Nc7 19. Bf3 Na6 20. Nc4 Qxc5 21.
Qe2 Qb5 22. Qc2 Qc5 23. Qe2 Qb5 24. h4 Nc7 25. Qc2 Qc5 26. Qb3 Rb8 27. Bxc6
Qxc6 28. Rd8+ Kh7 29. h5 Nd5 30. Qg3 Ne7 31. Nd6 Qa4 32. Ne8 Qg4 33. Qxg4 fxg4
34. Nf6+ gxf6 35. exf6 1-0

[Event "77th Ukrainian Chess Championship"]
[Site "Poltava"]
[Date "2008.12.09"]
[Round "8"]
[White "Borovikov, Vladislav"]
[Black "Tukhaev, Adam"]
[Result "1-0"]
[WhiteElo "2580"]
[BlackElo "2498"]
[PlyCount "121"]
[EventDate "2008.12.02"]

1. d4 Nf6 2. Nf3 e6 3. c4 d5 4. Nc3 c6 5. Bg5 h6 6. Bh4 dxc4 7. e4 g5 8. Bg3 b5
9. Be2 Bb7 10. h4 g4 11. Ne5 Rg8 12. Nxg4 Nxg4 13. Bxg4 b4 14. Na4 c5 15. d5
exd5 16. exd5 Qxd5 17. Qxd5 Bxd5 18. O-O-O Rxg4 19. Rxd5 Nd7 20. Re1+ Kd8 21.
Be5 f6 22. f3 Rxg2 23. Bf4 Rg7 24. Red1 Ke8 25. Bxh6 Rh7 26. Bxf8 Nxf8 27. Re1+
Re7 28. Rxe7+ Kxe7 29. Rxc5 c3 30. bxc3 Nd7 31. Ra5 bxc3 32. Nxc3 Rg8 33. Rxa7
Rg3 34. Ra3 Rg2 35. Ra6 Rh2 36. Nd5+ Kf7 37. Rd6 Ne5 38. Rxf6+ Kg7 39. Rf5 Nd3+
40. Kb1 Rb2+ 41. Ka1 Rh2 42. Rg5+ Kf7 43. Rg1 Rxh4 44. Rd1 Ne5 45. f4 Nc6 46.
Kb2 Ke6 47. Kb3 Rh3+ 48. Kc4 Ra3 49. Rd2 Ra5 50. Nc7+ Ke7 51. Nb5 Ra4+ 52. Kc5
Nd8 53. Nc3 Ne6+ 54. Kb5 Ra3 55. Kb4 Ra7 56. Nd5+ Kd6 57. a4 Nc5 58. Kb5 Nb3
59. Rd1 Rf7 60. Nc3+ Ke6 61. Kb4 1-0

[Event "77th Ukrainian Chess Championship"]
[Site "Poltava"]
[Date "2008.12.09"]
[Round "8"]
[White "Maximov, Dmitry"]
[Black "Kovchan, Alexander"]
[Result "0-1"]
[WhiteElo "2497"]
[BlackElo "2545"]
[PlyCount "192"]
[EventDate "2008.12.02"]

1. e4 c6 2. d4 d5 3. exd5 cxd5 4. c4 Nf6 5. Nc3 g6 6. cxd5 Bg7 7. Bc4 Nbd7 8.
d6 exd6 9. Nge2 O-O 10. O-O Nb6 11. Bb3 Re8 12. a4 a5 13. Bg5 h6 14. Bf4 Be6
15. Bxe6 Rxe6 16. Qb3 Nfd5 17. Nxd5 Nxd5 18. Be3 Nb4 19. Nf4 Re4 20. Nd5 Re8
21. Ra3 Ra6 22. Rc1 Rc6 23. Rxc6 bxc6 24. Nxb4 axb4 25. Qxb4 c5 26. Qd2 cxd4
27. Bf4 Qf6 28. h3 d5 29. a5 g5 30. Bg3 Qa6 31. b4 Bf8 32. Rd3 Bxb4 33. Qc2
Qxa5 34. Kh2 Bc3 35. Rf3 Qa6 36. Rf5 Qe6 37. Re5 Qd7 38. Rf5 Re4 39. Rf6 Re6
40. Rf5 Rb6 41. Qd3 Bb4 42. Kg1 Bf8 43. Qf3 Bd6 44. h4 Bxg3 45. fxg3 Qe7 46.
Kh2 gxh4 47. Qg4+ Rg6 48. Qxh4 Qxh4+ 49. gxh4 Rd6 50. Rf4 d3 51. Rd4 Kg7 52.
Kg3 Kf6 53. Kf4 Ke6 54. Rxd3 d4 55. Ke4 f5+ 56. Kf4 Kf6 57. g3 Rd8 58. Ra3 d3
59. Ra6+ Kf7 60. Ra1 d2 61. Rd1 Kg6 62. Ke3 Kh5 63. Kf4 Rd5 64. Kf3 Rd3+ 65.
Kf4 Kg6 66. g4 Rd4+ 67. Ke3 Rxg4 68. Rxd2 Rxh4 69. Kf3 Kg5 70. Rg2+ Rg4 71. Ra2
Rf4+ 72. Kg3 Rb4 73. Ra8 Rb3+ 74. Kf2 Kg4 75. Rg8+ Kf4 76. Ra8 Rb2+ 77. Kf1 h5
78. Ra4+ Kg3 79. Ra3+ Kg4 80. Kg1 h4 81. Rc3 f4 82. Ra3 h3 83. Rc3 f3 84. Rc8
Kf4 85. Rf8+ Ke3 86. Re8+ Kd3 87. Rd8+ Ke2 88. Re8+ Kd1 89. Rf8 Rg2+ 90. Kh1
Rf2 91. Ra8 Rd2 92. Kg1 h2+ 93. Kh1 f2 94. Ra1+ Ke2 95. Kg2 Rd1 96. Ra2+ Ke1
0-1

[Event "77th Ukrainian Chess Championship"]
[Site "Poltava"]
[Date "2008.12.09"]
[Round "8"]
[White "Baklan, Vladimir"]
[Black "Oleksienko, Mikhailo"]
[Result "1-0"]
[WhiteElo "2625"]
[BlackElo "2585"]
[PlyCount "129"]
[EventDate "2008.12.02"]

1. e4 c5 2. Nf3 Nc6 3. Bb5 d6 4. O-O Bd7 5. c3 Nf6 6. Re1 a6 7. Ba4 c4 8. h3 e5
9. d4 cxd3 10. Bg5 h6 11. Bxf6 Qxf6 12. Qxd3 Be7 13. Nbd2 Qg6 14. Nc4 Bxh3 15.
Nh4 Bxh4 16. Qxh3 Be7 17. Nb6 Rd8 18. Nd5 Rd7 19. Bb3 h5 20. Re3 Qg4 21. Qxg4
hxg4 22. Bd1 Bg5 23. Rg3 Bh4 24. Rd3 g3 25. fxg3 Bg5 26. Bg4 Rd8 27. Nc7+ Ke7
28. Nd5+ Ke8 29. Rf1 g6 30. Rdf3 Rh7 31. b4 Rb8 32. a4 Ne7 33. Nf6+ Bxf6 34.
Rxf6 Rd8 35. Rd1 d5 36. Rb6 f5 37. Be2 Rd7 38. exf5 gxf5 39. b5 a5 40. Rf6 Rh8
41. b6 Nc6 42. Rxf5 Ke7 43. Rdf1 Rh7 44. g4 Rg7 45. g5 d4 46. Bb5 dxc3 47. Bxc6
bxc6 48. Rxe5+ Kd6 49. Rxa5 Rb7 50. Rf6+ Kd7 51. Ra7 Rxa7 52. bxa7 Rg8 53. Rf3
Ra8 54. Rxc3 Rxa7 55. Rc4 Ra5 56. Rg4 Ke7 57. g6 Kf8 58. Kf2 Kg7 59. Ke3 Rc5
60. Kd3 Ra5 61. Rc4 Kh6 62. Kc3 c5 63. Kd3 Ra6 64. g4 Rxg6 65. a5 1-0

[Event "77th Ukrainian Chess Championship"]
[Site "Poltava"]
[Date "2008.12.09"]
[Round "8"]
[White "Zubarev, Alexander"]
[Black "Solovchuk, Alexey"]
[Result "1-0"]
[WhiteElo "2546"]
[BlackElo "2285"]
[PlyCount "43"]
[EventDate "2008.12.02"]

1. d4 Nf6 2. Nf3 c5 3. d5 b5 4. Bg5 Ne4 5. Bh4 Qa5+ 6. Nbd2 Bb7 7. a4 Bxd5 8.
axb5 Qb4 9. c4 g5 10. Bg3 Nxg3 11. hxg3 Bb7 12. e3 Bg7 13. Bd3 a6 14. Nxg5 h6
15. Qh5 Qxb2 16. Qxf7+ Kd8 17. Rb1 Qc3 18. Nge4 Bxe4 19. Bxe4 Rf8 20. Qd5 e6
21. Qxa8 Ke7 22. Qa7 1-0

[Event "77th Ukrainian Chess Championship"]
[Site "Poltava"]
[Date "2008.12.09"]
[Round "8"]
[White "Neverov, Valeriy"]
[Black "Vovk, Yuri"]
[Result "1-0"]
[WhiteElo "2571"]
[BlackElo "2549"]
[PlyCount "109"]
[EventDate "2008.12.02"]

1. c4 e6 2. Nf3 d5 3. d4 c5 4. cxd5 exd5 5. g3 Nf6 6. Bg2 Nc6 7. O-O Be7 8.
dxc5 Bxc5 9. a3 a6 10. Bg5 Be6 11. Nc3 d4 12. Bxf6 Qxf6 13. Ne4 Qe7 14. Nxc5
Qxc5 15. Rc1 Qb6 16. Ng5 Bf5 17. b4 Rd8 18. Rc5 Ne7 19. Qa4+ Bd7 20. Qb3 O-O
21. Qd3 Qh6 22. Bxb7 Bb5 23. Qe4 Rfe8 24. Qf3 Qf6 25. Rd1 h6 26. Nh3 Ng6 27.
Qxf6 gxf6 28. Bf3 Bxe2 29. Bxe2 Rxe2 30. Kg2 Ra2 31. Rc4 d3 32. Rc3 Ne5 33. Nf4
Ng4 34. Rdxd3 Re8 35. Rf3 f5 36. h3 Nf6 37. Rc6 Kg7 38. Rxa6 Re7 39. Nd3 Nd5
40. Kh2 Ne3 41. b5 Nf1+ 42. Kg1 Ra1 43. Kg2 Re2 44. b6 Rb1 45. Ra4 Nd2 46. Rxf5
Rxb6 47. Ra7 Rf6 48. Rxf6 Kxf6 49. Ra6+ Kg7 50. a4 Re4 51. a5 Nc4 52. Ra7 Rd4
53. Nf4 Rd6 54. a6 Kf6 55. Rc7 1-0

[Event "77th Ukrainian Chess Championship"]
[Site "Poltava"]
[Date "2008.12.09"]
[Round "8"]
[White "Zherebukh, Yaroslav"]
[Black "Sitnikov, Anton"]
[Result "1-0"]
[WhiteElo "2473"]
[BlackElo "2480"]
[PlyCount "83"]
[EventDate "2008.12.02"]

1. e4 e6 2. d4 d5 3. e5 c5 4. c3 Nc6 5. Nf3 Bd7 6. Be2 f6 7. O-O fxe5 8. Nxe5
Nxe5 9. dxe5 Qc7 10. Bf4 O-O-O 11. Nd2 Nh6 12. b4 Nf7 13. Re1 c4 14. Nf3 h6 15.
Nd4 g5 16. Bh5 Rh7 17. Bg3 Kb8 18. Qf3 Nh8 19. Qf6 Qc8 20. Re3 Ka8 21. a4 Bxb4
22. cxb4 Rf8 23. Rae1 a6 24. a5 Ka7 25. f3 Rxf6 26. exf6 Qf8 27. Nxe6 Qxf6 28.
Be5 Qf5 29. g4 Qc2 30. Bd4+ Kb8 31. Nf8 Kc7 32. Nxh7 Qxh7 33. Re7 Qd3 34. Bxh8
Qxf3 35. Rf1 Qd3 36. Be8 c3 37. Bxd7 Kd6 38. Bf5 Qd2 39. Re6+ Kc7 40. Be5+ Kd8
41. Bg6 Qe3+ 42. Kh1 1-0